000 00686nam a2200217 i 4500
001 130939
003 ES-MaACL
005 20240324063005.0
007 t|
008 070813s1944 sp ||||1| spa d
100 1 _aWodehouse, P. G.,
_d1881-1975
_9117205
245 1 0 _aUn dineral /
_cpor P. G. Wodehouse ; [traducción del inglés por Simón Santainés].
250 _a1ª ed.
260 _a[Barcelona :
_bs.n.,
_c1944] (
_fTip. La Académica)
300 _a282 p. ;
_c20 cm.
490 1 _aAl monigote de papel
700 1 _aSantainés, Simón.
_9103261
830 0 _aAl monigote de papel
_9181405
852 _aES-MaACL
_jB-10218
_bR.21669
999 _c130939
_d130939